Mathematical logic quarterly
Αποθηκεύτηκε σε:
| Μορφή: | Περιοδική έκδοση |
|---|---|
| Γλώσσα: | English |
| Δημοσίευση: |
Germany :
Johan Ambrosius Barth,
1993-
|
| Θέματα: | |
| Ετικέτες: |
Προσθήκη ετικέτας
Δεν υπάρχουν, Καταχωρήστε ετικέτα πρώτοι!
|
MARC
| LEADER | 00000nas a2200000 i 4500 | ||
|---|---|---|---|
| 001 | 1/46407 | ||
| 008 | 981221c19939999 f engod | ||
| 022 | |a 09425616 | ||
| 035 | |l 10042788 | ||
| 040 | |a GR-MY-UA |b gre |e aacr | ||
| 041 | 0 | |a eng | |
| 245 | 1 | 0 | |a Mathematical logic quarterly |h [περιοδικό] |
| 246 | 3 | 3 | |a MLQ |
| 260 | |a Germany : |b Johan Ambrosius Barth, |c 1993- | ||
| 300 | |a v.; |c 24 cm. | ||
| 310 | |a 6 issues a year, 2003- ; Quarterly, 1993-2002 | ||
| 650 | 0 | 0 | |a Mathematics |x Periodicals. |
| 650 | 0 | 0 | |a Logic, Symbolic and mathematical |x Periodicals. |
| 853 | |a INST |b SAMOS |c SER | ||